000 00922nab a2200313 4500
003 BR-BrBNA
005 20241215134709.0
008 241215b bl.||||| |||| 00| 0 por d
040 _aBR-BrBNA
_bpor
072 _aP10 ; F06 ; N20
100 _aGiacóia Neto, José
245 _aManeiras de economizar água na irrigação - tópico 2
500 _a5 illus.
650 _aIRRIGAÇÃO
650 _aCONSERVAÇÃO DA ÁGUA
650 _aUSO SUSTENTÁVEL DA ÁGUA
650 _aJARDIM
650 _aCAMPO
650 _aAGRICULTURA
650 _aARBORIZAÇÃO
650 _aPAISAGISMO
650 _aSISTEMA DE IRRIGAÇÃO
650 _aAVALIAÇÃO
650 _aCONTROLE
650 _aEQUIPAMENTO DE IRRIGAÇÃO
773 0 _04820
_9344760
_dVotuporanga/SP IRRIGAZINE 2009
_o2024-5090
_tIrrigazine (Brazil)
_gv. 11(44) p. 24-27; (Nov 2015)
_wBR2024003962
942 _cANA
999 _c329273
_d329273